Modern literary criticism and contemporary literary theory (Record no. 8228)

MARC details
000 -LEADER
fixed length control field 00567cam a2200217ua 4500
001 - CONTROL NUMBER
control field 9165
005 - DATE AND TIME OF LATEST TRANSACTION
control field 20260515114432.0
008 - FIXED-LENGTH DATA ELEMENTS--GENERAL INFORMATION
fixed length control field 150223n ii |||gr||||Z||||||eng
020 ## - INTERNATIONAL STANDARD BOOK NUMBER
International Standard Book Number 9788179774847
040 ## - CATALOGING SOURCE
Transcribing agency MAIN
041 ## - LANGUAGE CODE
Language code of text/sound track or separate title eng
082 ## - DEWEY DECIMAL CLASSIFICATION NUMBER
Classification number 809
100 ## - MAIN ENTRY--PERSONAL NAME
Personal name Agarwalla, S.S.,
Relator term Author.
245 1# - TITLE STATEMENT
Title Modern literary criticism and contemporary literary theory
Statement of responsibility, etc. By S. S. Agarwalla
250 ## - EDITION STATEMENT
Edition statement 1st.
260 ## - PUBLICATION, DISTRIBUTION, ETC.
Place of publication, distribution, etc. Bareilly:
Name of publisher, distributor, etc. Prakash,
Date of publication, distribution, etc. 2013.
300 ## - PHYSICAL DESCRIPTION
Extent 196p.
653 ## - INDEX TERM--UNCONTROLLED
Uncontrolled term History, description & criticism
653 ## - INDEX TERM--UNCONTROLLED
Uncontrolled term Literary criticism
942 ## - ADDED ENTRY ELEMENTS (KOHA)
Koha item type Books
Holdings
Withdrawn status Lost status Damaged status Not for loan Home library Current library Shelving location Date acquired Total checkouts Full call number Barcode Date last seen Copy number Price effective from Koha item type
        Naharkatiya College Library Naharkatiya College Library General stacks 09/19/2020   809 | AGA 21201 09/19/2020 1 09/19/2020 Books